| 000 | 00390nam a22001337a 4500 | ||
|---|---|---|---|
| 005 | 20260316094503.0 | ||
| 008 | 260316b |||||||| |||| 00| 0 eng d | ||
| 040 | _cFLL | ||
| 041 |
_2eng _aeng |
||
| 100 |
_aPandey, Rabikant _91132084 |
||
| 245 | _aAnalysis of the Co-Relation Between Internet Shutdown and Democratic Principles | ||
| 260 |
_aDU _bFaculty of Law _c2024 |
||
| 942 |
_2CC _cDIS |
||
| 999 |
_c1715443 _d1715443 |
||